Great Literature #57 - Statistics

General Stats
  • This quiz has been taken 35 times
  • The average score is 5 of 20
Answer Stats
Hint Explanation Answer % Correct
Marie Curie 1910 (Traité de Radioactivité) Treatise on Radioactivity
93%
Jun'ichirō Tanizaki 1943-1948, published serially (細雪) The Makioka Sisters
52%
Julia Alvarez 1991 How the García Girls Lost Their Accents
48%
M. Scott Peck 1978 The Road Less Traveled
41%
Diana Gabaldon 1991 Outlander
37%
Adrian Nicole LeBlanc 2003 Random Family
33%
Isaac Asimov 1954 The Caves of Steel
33%
Richard Condon 1959 The Manchurian Candidate
30%
anonymous c. 1270 - c. 1290 (Brennu-Njáls saga) Njál’s Saga
22%
Aleko Konstantinov 1895 (Бай Ганьо) Bai Ganyo
19%
George Saunders 2011 (in The New Yorker) Tenth of December
19%
Hal Clement 1953 Mission of Gravity
15%
Havelock Ellis 1896-1928, published serially in 7 volumes Studies in the Psychology of Sex
15%
W. H. Auden 1947 The Age of Anxiety
15%
Patrick Leigh Fermor 1977 A Time of Gifts
11%
Henry Handel Richardson 1917-1929, published serially in 3 parts The Fortunes of Richard Mahony
11%
Samuel Beckett 1953 Watt
11%
Matthew Desmond 2016 Evicted
7%
Alan Garner 1967 The Owl Service
7%
Gene Wolfe 1975 Peace
4%
No matching quizzes found
Score Distribution
Percent of People with Each Score
Percentile by Number Answered
Your Score History
You have not taken this quiz